[Event "Turkish Women-ch Arzum 2022"]
[Site "Ayvalik"]
[Date "2022.03.08"]
[Round "5.31"]
[White "Ozturk, Busra"]
[Black "Kalyoncu, Beren"]
[Result "1-0"]
[WhiteElo "1100"]
[BlackElo "1228"]
[Annotator "NA RC"]
[PlyCount "73"]
[EventDate "2022.03.04"]
[EventType "swiss"]
[EventCountry "TUR"]
[SourceTitle "playchess.com"]
[Source "ChessBase"]
[SourceQuality "1"]
[TimeControl "5400+30"]

1. e4 {[%emt 0:02:00]} c5 {[%emt 0:01:00]} 2. Nf3 {[%emt 0:00:30]} g6 {[%emt 0:00:00]} 3. Bc4 {[%emt 0:01:30]} Bg7 {[%emt 0:01:00]} 4. O-O {[%emt 0:00:30]} d6 {[%emt 0:00:30]} 5. c3 {[%emt 0:00:30]} Nc6 {[%emt 0:00:30]} 6. a3 {[%emt 0:00:30]} e6 {[%emt 0:01:30]} 7. b4 {[%emt 0:02:30]} Nge7 {[%emt 0:01:30]} 8. d4 {[%emt 0:02:30]} d5 {[%emt 0:02:30]} 9. exd5 {[%emt 0:01:30]} exd5 {[%emt 0:00:30]} 10. Bb3 {[%emt 0:00:30]} cxd4 {[%emt 0:00:30]} 11. Nxd4 {[%emt 0:01:30]} Nxd4 {[%emt 0:00:30]} 12. cxd4 {[%emt 0:00:30]} O-O {[%emt 0:00:00]} 13. Nc3 {[%emt 0:00:30]} Be6 {[%emt 0:01:00]} 14. Re1 {[%emt 0:00:30]} Nf5 {[%emt 1:26:30]} 15. Ne2 {[%emt 1:22:30]} Rc8 {[%emt 0:00:30]} 16. Bb2 {[%emt 0:00:30]} Qd6 {[%emt 0:00:30]} 17. Qd3 {[%emt 0:00:30]} Rc7 {[%emt 0:00:30]} 18. Qf3 {[%emt 0:00:30]} Rd8 {[%emt 0:00:30]} 19. h3 {[%emt 0:00:00]} Qb6 {[%emt 0:00:00]} 20. Qf4 {[%emt 0:00:00]} Rdc8 {[%emt 0:00:00]} 21. Qf3 {[%emt 0:00:00]} Nxd4 {[%emt 0:00:00]} 22. Nxd4 {[%emt 0:00:00]} Bxd4 {[%emt 0:00:00]} 23. Bxd4 {[%emt 0:00:00]} Qxd4 {[%emt 0:00:00]} 24. Rad1 {[%emt 0:00:00]} Qc3 {[%emt 0:00:00]} 25. Re3 {[%emt 0:00:00]} Qc6 {[%emt 0:00:00]} 26. Bxd5 {[%emt 0:00:00]} Bxd5 {[%emt 0:00:00]} 27. Rxd5 {[%emt 0:00:00]} Qc2 {[%emt 0:00:00]} 28. Rde5 {[%emt 0:00:00]} Qc6 {[%emt 0:00:00]} 29. Qe2 {[%emt 0:00:00]} Qc1+ {[%emt 0:00:00]} 30. Kh2 {[%emt 0:00:00]} Rc3 {[%emt 0:00:00]} 31. Re8+ {[%emt 0:00:00]} Rxe8 {[%emt 0:00:00]} 32. Rxe8+ {[%emt 0:00:00]} Kg7 {[%emt 0:00:00]} 33. Qe5+ {[%emt 0:00:00]} Kh6 {[%emt 0:00:00]} 34. Re7 {[%emt 0:00:00]} f5 {[%emt 0:00:00]} 35. f4 {[%emt 0:00:00]} Rxh3+ {[%emt 0:00:00]} 36. Kxh3 {[%emt 0:00:00]} Qxa3+ {[%emt 0:00:00]} 37. g3 {[%emt 0:00:00]} 1-0

[Event "Turkish Women-ch Arzum 2022"]
[Site "Ayvalik"]
[Date "2022.03.08"]
[Round "5.32"]
[White "Senkal, Defne"]
[Black "Kum, Busra"]
[Result "1-0"]
[WhiteElo "1247"]
[BlackElo "1062"]
[Annotator "NA"]
[PlyCount "135"]
[EventDate "2022.03.04"]
[EventType "swiss"]
[EventCountry "TUR"]
[SourceTitle "playchess.com"]
[Source "ChessBase"]
[SourceQuality "1"]
[TimeControl "5400+30"]

1. e4 {[%emt 0:01:00]} e5 {[%emt 0:01:00]} 2. Nf3 {[%emt 0:00:30]} Nf6 {[%emt 0:00:00]} 3. Nxe5 {[%emt 0:00:30]} d6 {[%emt 0:00:00]} 4. Nf3 {[%emt 0:00:30]} Nxe4 {[%emt 0:00:30]} 5. Nc3 {[%emt 0:03:30]} Nxc3 {[%emt 0:01:30]} 6. dxc3 {[%emt 0:00:30]} Bg4 {[%emt 0:04:30]} 7. Be2 {[%emt 0:00:30]} Nc6 {[%emt 0:04:30]} 8. Be3 {[%emt 0:02:30]} Qd7 {[%emt 0:02:30]} 9. Qd2 {[%emt 0:01:30]} Be7 {[%emt 0:01:30]} 10. h3 {[%emt 0:01:30]} Bf5 {[%emt 0:04:30]} 11. Nd4 {[%emt 0:05:30]} Bg6 {[%emt 0:01:30]} 12. Bg4 {[%emt 0:04:30]} f5 {[%emt 0:01:30]} 13. Bf3 {[%emt 0:01:30]} Bf6 {[%emt 0:05:30]} 14. Nxc6 {[%emt 0:02:30]} bxc6 {[%emt 0:00:30]} 15. Qe2 {[%emt 0:00:30]} O-O {[%emt 0:01:30]} 16. O-O {[%emt 0:00:30]} Rfe8 {[%emt 0:12:30]} 17. Qc4+ {[%emt 0:05:30]} d5 {[%emt 0:00:30]} 18. Qa4 {[%emt 0:00:30]} Qd6 {[%emt 0:09:30]} 19. Rfe1 {[%emt 0:12:30]} a5 {[%emt 0:02:30]} 20. Rad1 {[%emt 0:12:30]} Reb8 {[%emt 0:03:30]} 21. Bf4 {[%emt 0:05:30]} Qc5 {[%emt 0:00:30]} 22. Be3 {[%emt 0:05:30]} Qd6 {[%emt 0:01:30]} 23. Bc1 {[%emt 0:00:30]} Be8 {[%emt 0:06:30]} 24. Rd3 {[%emt 0:09:30]} Kh8 {[%emt 0:07:30]} 25. b3 {[%emt 0:02:30]} c5 {[%emt 0:03:30]} 26. Qa3 {[%emt 0:00:30]} c6 {[%emt 0:01:30]} 27. Be3 {[%emt 0:01:30]} Be7 {[%emt 0:01:30]} 28. Qc1 {[%emt 0:00:34]} Qd8 {[%emt 0:03:04]} 29. c4 {[%emt 0:02:48]} d4 {[%emt 0:01:10]} 30. Bf4 {[%emt 0:01:19]} Bd6 {[%emt 0:03:38]} 31. c3 {[%emt 0:00:35]} Bxf4 {[%emt 0:05:46]} 32. Qxf4 {[%emt 0:00:16]} Qf6 {[%emt 0:00:55]} 33. cxd4 {[%emt 0:00:46]} cxd4 {[%emt 0:01:14]} 34. Rxd4 {[%emt 0:00:13]} g5 {[%emt 0:01:43]} 35. Qe5 {[%emt 0:00:47]} Qxe5 {[%emt 0:00:16]} 36. Rxe5 {[%emt 0:00:00]} a4 {[%emt 0:02:32]} 37. Rxf5 {[%emt 0:01:09]} h6 {[%emt 0:00:53]} 38. Rd6 {[%emt 0:03:55]} axb3 {[%emt 0:01:44]} 39. axb3 {[%emt 0:00:04]} Rxb3 {[%emt 0:01:46]} 40. Rff6 {[%emt 0:02:46]} Ra1+ {[%emt 0:01:26]} 41. Kh2 {[%emt 0:00:30]} Kg7 {[%emt 0:00:18]} 42. Bxc6 {[%emt 0:00:47]} Bxc6 {[%emt 0:00:54]} 43. Rxc6 {[%emt 0:00:30]} Rc3 {[%emt 0:00:00]} 44. Rxh6 {[%emt 0:00:33]} Rac1 {[%emt 0:00:28]} 45. Rhg6+ {[%emt 0:01:06]} Kf7 {[%emt 0:00:24]} 46. Rxg5 {[%emt 0:00:04]} Rxc4 {[%emt 0:00:50]} 47. Rxc4 {[%emt 0:00:30]} Rxc4 {[%emt 0:00:30]} 48. Rg4 {[%emt 0:00:00]} Rc3 {[%emt 0:00:00]} 49. h4 {[%emt 0:00:00]} Kf6 {[%emt 0:00:20]} 50. Rg3 {[%emt 0:00:08]} Rc2 {[%emt 0:00:30]} 51. f3 {[%emt 0:00:07]} Rc8 {[%emt 0:01:12]} 52. Rh3 {[%emt 0:00:09]} Kg6 {[%emt 0:00:29]} 53. h5+ {[%emt 0:00:14]} Kh6 {[%emt 0:00:27]} 54. g4 {[%emt 0:00:19]} Kh7 {[%emt 0:00:02]} 55. g5 {[%emt 0:00:38]} Rc5 {[%emt 0:00:29]} 56. Rg3 {[%emt 0:00:30]} Kh8 {[%emt 0:00:30]} 57. Kh3 {[%emt 0:00:30]} Rd5 {[%emt 0:00:30]} 58. Kh4 {[%emt 0:00:30]} Re5 {[%emt 0:00:30]} 59. h6 {[%emt 0:00:30]} Rd5 {[%emt 0:00:30]} 60. Rg4 {[%emt 0:00:30]} Rd1 {[%emt 0:00:30]} 61. Kh5 {[%emt 0:00:00]} Re1 {[%emt 0:01:12]} 62. g6 {[%emt 0:00:00]} Rh1+ {[%emt 0:02:16]} 63. Kg5 {[%emt 0:00:08]} Rh2 {[%emt 0:00:00]} 64. f4 {[%emt 0:00:57]} Rf2 {[%emt 0:00:40]} 65. Kf5 {[%emt 0:00:11]} Kg8 {[%emt 0:00:11]} 66. Kf6 {[%emt 0:00:35]} Rxf4+ {[%emt 0:01:01]} 67. Rxf4 {[%emt 0:00:06]} Kf8 {[%emt 0:00:33]} 68. h7 {[%emt 0:00:17]} 1-0

[Event "Turkish Women-ch Arzum 2022"]
[Site "Ayvalik"]
[Date "2022.03.09"]
[Round "6.1"]
[White "Atalik, Ekaterina"]
[Black "Kalayci, Nino"]
[Result "1-0"]
[WhiteElo "2415"]
[BlackElo "1775"]
[Annotator "TA"]
[PlyCount "45"]
[EventDate "2022.03.04"]
[EventType "swiss"]
[EventCountry "TUR"]
[SourceTitle "playchess.com"]
[Source "ChessBase"]
[SourceQuality "1"]

{[%evp 11,45,0,12,4,17,0,34,34,34,27,40,35,35,38,27,27,34,29,33,38,44,38,53,18,42,26,44,50,65,48,59,41,179,167,585,585]} 1. c4 Nf6 2. Nf3 e6 3. Nc3 d5 4. e3 c6 5. b3 Nbd7 6. Bb2 Bd6 7. Qc2 {A11: English Opening: 1...c6.} Qe7 (7... O-O {with more complications.} 8. Be2 b6 9. O-O Bb7 10. d4 Qe7) 8. Be2 Ba3 9. Bxa3 {White is slightly better.} Qxa3 10. O-O Qe7 11. d4 O-O 12. Rad1 b6 13. e4 $1 dxe4 14. Nxe4 Bb7 15. Nxf6+ Nxf6 16. c5 {[#]} Nd5 $146 ({Predecessor:} 16... Rfd8 17. Ne5 bxc5 18. dxc5 Rd5 19. Rxd5 exd5 20. Nf3 a5 21. Nd4 Ne4 22. Rc1 Qf6 {½-½ (51) Pourramezanali,A (2503)-Ghorbani,H (2160) Rasht 2016}) 17. Ne5 bxc5 18. dxc5 ({Much weaker is} 18. Qxc5 Qxc5 19. dxc5 Nc3 $15) 18... a5 {[%cal Oa5a4]} 19. Rfe1 a4 20. Bf3 {[%cal Be2f3,Bf3d5,Bd5c4][%mdl 32] White is more active.} (20. Bd3 $5 {[%cal Rd3h7]}) 20... axb3 21. axb3 Ra5 ({Black should try} 21... f6 $14 22. Nc4 Qxc5) 22. Bxd5 $18 Rxc5 $2 {[#]} (22... cxd5 {is more resistant.} 23. b4 Rb5) 23. Bc4 {Weighted Error Value: White=0.04 (flawless) /Black=0.56} 1-0

[Event "Turkish Women-ch Arzum 2022"]
[Site "Ayvalik"]
[Date "2022.03.09"]
[Round "6.2"]
[White "Isgenderova, Hayale"]
[Black "Ince, Safiye Oyku"]
[Result "1/2-1/2"]
[WhiteElo "2202"]
[BlackElo "1893"]
[Annotator "TA"]
[PlyCount "90"]
[EventDate "2022.03.04"]
[EventType "swiss"]
[EventCountry "TUR"]
[SourceTitle "playchess.com"]
[Source "ChessBase"]
[SourceQuality "1"]

{[%evp 9,90,6,27,8,2,-3,0,0,-3,-21,-20,-14,-7,-27,-16,-89,-86,-86,-83,-78,-65,-117,-52,-50,-8,-19,-7,-17,-5,-52,-19,-15,5,0,69,0,0,-56,0,0,0,0,0,-89,95,126,177,159,168,178,164,168,352,334,327,333,525,349,501,489,426,105,121,118,113,-916,-805,-910,-409,-413,-414,-412,-422,-450,-226,-215,0,-444,-427,-379,-250,-240,-250]} 1. e4 c5 2. Nf3 e6 3. b3 b6 4. Bb2 Bb7 5. Qe2 d6 6. g3 {B40: Sicilian: 2...e6, Unusual lines.} Nf6 7. d3 g6 8. Bg2 {The position is equal.} Bg7 9. Nbd2 Nc6 10. O-O O-O {[#]} 11. Ne1 $146 ({Predecessor:} 11. Rab1 e5 12. h3 Re8 13. c4 Nh5 14. Ne1 Bh6 15. Nc2 Nd4 16. Nxd4 exd4 17. Kh2 d5 18. cxd5 {½-½ (18) Felgaer,R (2509)-Peralta,F (2478) La Pobla de Lillet 2002}) 11... Nd4 (11... e5 {keeps more tension.} 12. c4 Nd4 13. Qd1 a5 14. Ndf3 h5) 12. Bxd4 (12. Qd1 $1 $11 {remains equal.}) 12... cxd4 $17 13. f4 Rc8 14. a4 Qc7 15. g4 (15. Nc4 $15) 15... Ne8 ({Better is} 15... h5 $17 16. h3 hxg4 17. hxg4 Rfe8) 16. g5 f5 (16... Qe7 $15 {is more appropriate.}) 17. exf5 exf5 18. Bxb7 Qxb7 19. Qe6+ (19. Nc4 $11) 19... Kh8 (19... Rf7 $5 {[%cal Re8c7]}) 20. Nc4 $1 Qc6 21. Nf3 Rd8 (21... a6 $11) 22. Nce5 {White is much more active.} Qc7 $11 23. Nxg6+ hxg6 24. Nh4 $1 (24. Qxg6 Qxc2 25. Rae1 Qxd3 26. Qh5+ (26. Re7 Qxb3 27. Qh5+ Kg8 $11) 26... Kg8) 24... Rf7 25. Qxg6 Qd7 26. Rf3 (26. a5 $11) 26... Bf8 $2 (26... Nc7 $1 $17 {stays on course.}) 27. Re1 $36 {[%mdl 2048] White has strong initiative.} Nc7 {[#]} (27... Rc8 $16) 28. Rh3 $1 $18 {Threatening mate with Nxf5+.} Rh7 {White must now prevent ...Nd5.} 29. Qf6+ Kg8 30. Nxf5 {Rxh7 would kill now.} Rxh3 {[#]} (30... Qf7 31. Qxd8 Qxf5) 31. Re7 $1 {[%mdl 576] White threatens g6 and mate. Skewer} Rh7 32. Rxd7 {Really sharp!} Rdxd7 (32... Rhxd7 {was worth a try.} 33. Qg6+ Kh8) 33. h4 {Threatens to win with g6.} Rhf7 (33... Rdf7 {keeps fighting.} 34. Qg6+ Kh8) 34. Qg6+ Kh8 35. Nh6 $2 (35. Kf2 $18) 35... Bxh6 $16 36. Qxh6+ Kg8 37. g6 $2 {[%mdl 8192]} (37. f5 $16) 37... Rf5 $19 38. Kf2 Nd5 (38... Rg7 $142 39. Kf3 Nd5) 39. g7 Rxg7 ({And not} 39... Rxf4+ 40. Ke1 Re7+ 41. Kd2 Rf2+ 42. Kc1 Rxg7 43. Qe6+ Kh7 44. Qe4+ (44. Qxd5 Rc7 $11) 44... Rg6 45. h5 (45. Qxd5 Rgg2 $16) 45... Rf1+ 46. Kb2 Rb1+ 47. Ka3 (47. Kxb1 $2 Nc3+ 48. Kc1 Nxe4 $19) 47... Ra1+ 48. Kb2 Rb1+ 49. Ka3 (49. Kxb1 $2 Nc3+ 50. Kc1 Nxe4 $19) 49... Ra1+ 50. Kb2 Rb1+ $11) 40. Qe6+ Rgf7 41. Qg6+ Kh8 (41... Kf8 $142 42. Qxd6+ Re7 43. Qh6+ Kf7 44. Qh7+ Ke6 45. Qg6+ Rf6 46. Qg4+ Kd6) 42. Qh6+ Kg8 $2 (42... Rh7 43. Qxd6 Nxf4 44. Qxd4+ Kg8) 43. Qg6+ {[#]} Kf8 $1 ({Not} 43... Kh8 $2 44. Qh6+ Kg8 45. Qg6+ $19) 44. Qxd6+ Kg7 45. Ke1 {[#]} Rxf4 $1 {What a bad dream for White.  Weighted Error Value: White=0.48/Black=0.59} 1/2-1/2

[Event "Turkish Women-ch Arzum 2022"]
[Site "Ayvalik"]
[Date "2022.03.09"]
[Round "6.3"]
[White "Akat, Elifnaz"]
[Black "Sahin, Hayrun Nisa"]
[Result "1-0"]
[WhiteElo "1673"]
[BlackElo "2014"]
[Annotator "TA"]
[PlyCount "83"]
[EventDate "2022.03.04"]
[EventType "swiss"]
[EventCountry "TUR"]
[SourceTitle "playchess.com"]
[Source "ChessBase"]
[SourceQuality "1"]

{[%evp 22,82,-22,-24,-11,-18,-23,-16,11,0,12,8,0,-21,38,0,108,108,109,78,153,116,181,158,179,158,181,150,164,153,160,135,268,276,262,244,263,238,268,260,319,314,273,165,958,947,1805,1659,1563,958,2379,1454,1377,1398,1466,1453,29987,3307,29996,29997,29998,29998,29999]} 1. e4 c5 2. Nc3 Nc6 3. g3 d6 4. Bg2 g6 5. d3 Bg7 6. f4 e6 7. Nf3 Nge7 8. O-O O-O 9. Be3 Rb8 10. Rb1 b5 {[%cal Bb7b5,Bb5b4][%mdl 32]} 11. Qd2 b4 12. Ne2 Ba6 {B25: Closed Sicilian: 3 g3, lines without early Be3.} 13. Rfd1 {[#]} Qc7 $146 ({Predecessor:} 13... Qb6 14. Bh1 Nd4 15. Bg2 Nec6 16. Kh1 f5 17. Ng5 Rfe8 18. Re1 h6 19. Nh3 Rbc8 20. Bxd4 cxd4 {0-1 (27) Valet,A (1841)-Stitterich,N (2030) Stuttgart 2010}) 14. c3 h6 {The position is equal.} 15. c4 Rfd8 16. b3 d5 17. Qe1 Qa5 (17... d4 $11 18. Bd2 Rb6) 18. g4 f5 (18... dxc4 $11 19. dxc4 Qxa2 20. Bxc5 Rxd1 21. Qxd1 Rd8) 19. gxf5 $16 {White leaves nothing to chance now.} gxf5 20. e5 Kh7 ({Black should play} 20... Bb7) 21. Qh4 Bc8 (21... Kg8 $16) 22. Ng3 $18 Ng6 23. Qh3 {cxd5 is the strong threat.} ({Don't take} 23. Qh5 Nce7 $16) 23... d4 24. Bd2 Nce7 25. Nh5 Kg8 26. Be1 {[%cal Oa2a3] Threatens to win with a3!} Qxa2 (26... Qc7 $16) 27. Ra1 {[%cal Bb1a1,Ba1a7,Ba7e7,Be7e8,Be8c8][%mdl 32]} Qxb3 28. Nd2 Qc2 29. Rdc1 Qb2 30. Bf3 {Strongly threatening Bd1.} ({Resist} 30. Rcb1 $6 Qc3 $16) 30... Rb6 {[#]} 31. Rcb1 $1 Qc3 32. Rxa7 Qxd3 $2 (32... Kf7) 33. Rb3 {Hoping for Rxe7.} Qc2 {[#]} 34. Rxe7 $1 {[%mdl 512]} Rd7 35. Re8+ Kf7 36. Rxc8 Ra6 37. Rb1 Ra3 38. Qg2 Rda7 39. Nxg7 (39. Bb7 $142 Bf8 40. Bc6 Qa4 41. Bxa4 R3xa4 42. Qc6 Re7 43. Qxa4 d3 44. Qc6) 39... Nxf4 40. Bh5+ {White mates.} Ke7 {[#]} 41. Nxf5+ $1 Kd7 (41... Qxf5 42. Qg7+) 42. Qc6# {Weighted Error Value: White=0.14 (very precise) /Black=0.85} 1-0

[Event "Turkish Women-ch Arzum 2022"]
[Site "Ayvalik"]
[Date "2022.03.09"]
[Round "6.4"]
[White "Onur, Cigdem"]
[Black "Bese, Irem"]
[Result "1-0"]
[WhiteElo "2012"]
[BlackElo "1714"]
[Annotator "TA"]
[PlyCount "51"]
[EventDate "2022.03.04"]
[EventType "swiss"]
[EventCountry "TUR"]
[SourceTitle "playchess.com"]
[Source "ChessBase"]
[SourceQuality "1"]

{[%evp 12,51,31,-1,46,21,41,43,64,68,91,96,114,127,131,96,290,281,287,277,254,208,362,371,352,316,239,196,1105,1098,1118,838,1048,1061,1066,1052,29967,7211,29990,29991,29993,29994]} 1. e4 c5 2. Nf3 e6 3. d4 cxd4 4. Nxd4 a6 5. c4 Nf6 6. Nc3 Bb4 7. Bd2 {And now e5 would win. Recently 7.Qd3 got a lot of attention.} Qc7 {B41: Sicilian: Kan Variation: 5 c4.} (7... O-O $1 $11) 8. Bd3 O-O 9. O-O {[%cal Oc3d5]} Bc5 {White is slightly better.} 10. Nb3 {White is more active.} Ba7 {[#]} 11. Bg5 $146 ({Predecessor:} 11. Qe2 Nc6 12. Rae1 d6 13. Kh1 Ne5 14. f4 Nxd3 15. Qxd3 Bd7 16. Nd4 Rad8 17. b3 {½-½ (26) Csizmadia,L (1826)-Strakos,T (1716) Rychnov nad Kneznou 2015}) 11... Qe5 12. Qd2 Nc6 {[%cal Ob7b5]} (12... Ng4 $2 13. Bf4 Qh5 14. Bd6 $18 (14. h3 Nh6 $16)) 13. Kh1 Nd4 $2 {This costs Black the game.} (13... Ng4 $16 14. f4 Qc7) 14. f4 $18 Nxb3 15. axb3 ({And not} 15. fxe5 Nxd2 16. Bxd2 Ng4 $15) 15... Qd4 16. Bxf6 gxf6 (16... Qxf6 17. e5 Qe7) 17. Rf3 {[#] aiming for f5.} Kh8 18. Ne2 Qc5 19. Ra5 Qe7 (19... b5 20. cxb5 axb5) 20. Rh5 Rg8 21. Rfh3 {[%csl Gh3][%cal Rh5h7]} Rg7 22. Qe1 {Qh4 would kill now.} f5 23. exf5 {[%cal Oh5h7] Intending Rxh7+! and mate.} f6 24. fxe6 {White threatens Bxh7 and mate.} dxe6 25. Bxh7 Rxh7 26. Qh4 {Weighted Error Value: White=0.16 (very precise) /Black=1.08} 1-0

[Event "Turkish Women-ch Arzum 2022"]
[Site "Ayvalik"]
[Date "2022.03.09"]
[Round "6.5"]
[White "Incecik, Seyma Zeynep"]
[Black "Aydin, Gulenay"]
[Result "1/2-1/2"]
[WhiteElo "1777"]
[BlackElo "2069"]
[Annotator "TA"]
[PlyCount "90"]
[EventDate "2022.03.04"]
[EventType "swiss"]
[EventCountry "TUR"]
[SourceTitle "playchess.com"]
[Source "ChessBase"]
[SourceQuality "1"]

{[%evp 24,90,22,0,0,0,0,0,0,0,0,0,7,0,25,61,65,-50,43,40,50,0,40,25,28,30,50,-34,-47,-62,-66,-89,-104,-97,-50,-69,-27,-35,-26,0,-31,-135,0,-4,0,0,42,0,0,-33,0,-87,-97,-81,-55,-279,-270,-360,-227,-329,0,0,0,0,0,0,12,0,0]} 1. e4 c6 2. d4 d5 3. Nc3 dxe4 4. Nxe4 Bf5 5. Ng3 Bg6 6. h4 h6 7. Nf3 Nd7 8. h5 Bh7 9. Bd3 Bxd3 10. Qxd3 e6 11. Bd2 Ngf6 12. O-O-O Be7 13. Kb1 Qb6 {B19: Classical Caro-Kann: 4...Bf5 main line.} 14. Rhe1 O-O 15. Nf5 exf5 16. Rxe7 {Strongly threatening Nh4.} Qd8 $1 17. Ree1 {Nh4 is the strong threat.} Ne4 18. Be3 {[%cal Og2g4]} Re8 {[%cal Of5f4] [#]} 19. d5 $146 ({Predecessor:} 19. g3 b5 20. Ka1 Ndf6 21. Ne5 Qd5 22. Qf1 Rad8 23. Qg1 Ng4 24. Nd3 Nef6 25. Nf4 {0-1 (66) Christiansen,J (2558)-Berkes,F (2667) Batumi 2019}) 19... c5 {[%cal Of5f4]} 20. Qb5 (20. Nd2 $1 $14) 20... Qc8 (20... b6 $15) 21. Nd2 $14 a6 22. Qf1 (22. Qd3 $14) 22... b5 (22... Nef6 $5 {[%cal Rf6d5]}) 23. Nxe4 $1 fxe4 24. f3 Qc7 25. g4 (25. Bd2 $14) 25... Qg3 $15 26. fxe4 Rxe4 27. Bf2 Qxg4 {Threatens to win with ...Rae8.} 28. Qh1 Rxe1 (28... Rf4 $1 $17 {[%cal Rf4f2]} 29. Be3 Rf5) 29. Rxe1 Nf6 (29... Qf4 $15 30. Be3 Qd6) 30. Bxc5 Qxh5 31. Qxh5 Nxh5 $11 {[%mdl 4096] Endgame KRB-KRN} 32. Be7 {[#] Prevents Rd8.} (32. b3 $1 $15) 32... Ra7 ({Black should try} 32... Nf4 $1 $17 {[%cal Rf4d5]} 33. Rd1 f5) 33. b3 $1 f6 34. c4 Kf7 (34... bxc4 $11 {deserves consideration.} 35. bxc4 Kf7) 35. Bc5 ({Better is} 35. Ba3 $14 bxc4 36. bxc4) 35... Rd7 $15 36. Kc2 Nf4 37. Bd4 (37. Ba3 $11) 37... h5 $17 {[%cal Bh6h5,Bh5h4][%mdl 32]} 38. Rf1 g5 {White must now prevent ...Re7.} 39. Rf3 $2 ({White should play} 39. Be3 $15) 39... h4 $19 40. Be3 bxc4 41. bxc4 {[#]} (41. Bxf4 {was the only chance.} cxb3+ 42. axb3 Rxd5 43. Bc7) 41... Nxd5 $2 42. Bxg5 $1 $11 {The position is equal.} Rc7 43. Kb3 Ke8 44. Bxh4 Nb6 45. Rf4 Rxc4 {Weighted Error Value: White=0.37/Black=0.38} 1/2-1/2

[Event "Turkish Women-ch Arzum 2022"]
[Site "Ayvalik"]
[Date "2022.03.09"]
[Round "6.6"]
[White "Caglar, Sila"]
[Black "Catal, Uktenur"]
[Result "1/2-1/2"]
[WhiteElo "2200"]
[BlackElo "1832"]
[Annotator "TA"]
[PlyCount "120"]
[EventDate "2022.03.04"]
[EventType "swiss"]
[EventCountry "TUR"]
[SourceTitle "playchess.com"]
[Source "ChessBase"]
[SourceQuality "1"]

{[%evp 18,120,35,25,41,28,33,22,20,29,24,-25,-2,-25,29,25,23,22,29,-31,-52,-56,-50,-123,-103,-94,-79,-88,-94,-170,-128,-168,-126,-208,-167,-314,-54,-64,0,0,13,-44,-27,-129,-135,-140,-150,-144,-131,-110,-130,-165,-61,-39,0,-61,0,-211,-80,-44,-27,-224,-230,-1168,-1152,-1045,0,0,0,0,0,0,0,-550,-550,-546,-539,-484,0,0,0,0,0,0,0,0,0,0,0,0,0,0,0,0,0,0,0,0,0,0,0,0,0,0,0]} 1. Nf3 Nf6 2. b3 g6 3. Bb2 Bg7 4. e3 O-O 5. Be2 d6 6. d4 Nbd7 7. O-O e5 8. c4 e4 9. Nfd2 Re8 10. Nc3 Nf8 {E61: King's Indian: Early deviations for White, including Smyslov System.} 11. Qc2 {[%cal Rd2e4]} Bf5 12. Rfd1 h5 13. Nf1 h4 {[#] Inhibits Ng3.} 14. d5 $146 (14. h3 {was preferrable.}) ({Predecessor:} 14. Qd2 N8h7 15. f3 exf3 16. Bxf3 c6 17. Be2 Ng5 18. Bd3 Bxd3 19. Qxd3 Qd7 20. Re1 {0-1 (34) Jankowiak,P (1917)-Olszewski,M (2540) Katowice 2017}) 14... N8d7 15. Nb5 Ng4 (15... Ne5 $142) 16. Bxg7 $11 Kxg7 17. Qc3+ Kh7 18. f3 (18. h3 $11 Nge5 19. Qd4) 18... exf3 $15 19. gxf3 Nh6 20. Kf2 (20. e4 $15) 20... Bh3 21. Nd2 a6 (21... Qg5 22. Rg1 Qd8 23. Bf1 Bxf1 24. Raxf1 $14) 22. Na3 Ne5 (22... Qg5 $6 23. Rg1 Qe7 24. Bf1 Bxf1 25. Raxf1 $11 (25. Ne4 Bd3 $15)) 23. Ke1 (23. Nc2 $17) 23... f5 (23... Bg2 $19 {Threatens to win with ...Qf6.} 24. Nc2 h3) 24. Kf2 Qf6 (24... Qg5 25. Rg1 Qf6 26. Rac1 $11) (24... g5 $19 {Hoping for ...Qf6.} 25. Bf1 Qf6 $1) 25. Rac1 (25. Qd4 $17 {was necessary.}) 25... g5 (25... Qg5 26. Rg1 Qe7 27. Bf1 Bxf1 28. Kxf1 $15) 26. c5 (26. Rg1 {might work better.}) 26... Re7 $2 ({Black should try} 26... g4 $1 $19 {[%cal Rg4f3]} 27. Nac4 gxf3 28. Nxf3 Nhg4+ 29. Ke1 Nxf3+ 30. Bxf3 Qg5) 27. Nac4 Rae8 (27... Rd8 $15) 28. Nxe5 $11 dxe5 (28... Qxe5 29. Qxe5 dxe5 30. Nc4 $14) (28... Rxe5 $2 29. cxd6 (29. Nc4 f4 $16) 29... cxd6 30. Nc4 $18) 29. Nc4 (29. Rg1 $1 $11) 29... g4 $15 30. d6 (30. Ke1 $1 $11 {remains equal.}) 30... g3+ $17 31. hxg3 (31. Kg1 $2 Qg5 $1 32. e4 gxh2+ 33. Kf2 cxd6 $19) 31... hxg3+ 32. Ke1 {[%cal Bf2e1,Be1d2,Bd2c2][%mdl 32] [#]} (32. Kxg3 {is a self mate.} Qg5+ 33. Kf2 Qh4+ 34. Kg1 Qg3+ 35. Kh1 Qg2#) 32... g2 $1 33. Kd2 cxd6 34. cxd6 Rd7 (34... Re6 $1 $19 {And now ...b5 would win.} 35. Kc2 Rd8) 35. f4 $1 $15 {[%cal Rf4e5]} Nf7 {aiming for ...b5.} 36. Kc2 b5 (36... Rc8 $1 $15 37. fxe5 Qh6) 37. e4 $2 Bg4 (37... Qh4 $19 {has better winning chances.} 38. Nb6 Rxd6 39. Rxd6 Nxd6 40. Qc7+ Qe7) 38. Bxg4 $17 fxg4 39. fxe5 $2 Qf2+ $19 {[%mdl 64] Skewer} ({Worse is} 39... Nxe5 40. Nxe5 Qxe5 41. Qxe5 Rxe5 42. Kb2 $11) 40. Nd2 $2 (40. Qd2 g3 41. Rg1 bxc4 42. Qxf2 gxf2 43. Rxg2 Rxe5 44. Rh1+ Nh6 45. Rxf2 cxb3+ 46. axb3 Rxd6 47. Re1) 40... Nxe5 41. Kb1 Nf3 $2 ({Better is} 41... Rxd6 $19 42. Qc7+ Rd7) 42. Qc6 $11 Red8 43. Nxf3 gxf3 44. e5 {Chess con chili.} Qg3 45. Qe4+ $2 {[%mdl 8192]} (45. e6 $1 $11) 45... Qg6 $19 46. Qxg6+ Kxg6 {[%mdl 4096] Endgame KRR-KRR} 47. Rd3 Kf5 $2 (47... Rf8 $19 48. e6 {[#]} f2 $1 {[%mdl 512]} 49. Rg3+ Kh7 50. Rxg2 f1=Q $1 {[%mdl 512]} 51. Rh2+ Kg6 52. exd7 Qd3+ 53. Kb2 Qd4+ 54. Kb1 Qe4+ 55. Rhc2 Rd8) 48. Rxf3+ $11 {The position is equal.} Kxe5 {...Rg8 is the strong threat.} 49. Rg3 {Prevents Rg8.} Rxd6 {White must now prevent ...Rd2.} 50. Rxg2 Rd1 51. Rg6 Rxc1+ 52. Kxc1 {KR-KR} Rd6 53. Rg5+ Kf4 54. Rc5 Ke4 55. Kc2 Kd4 56. Rc8 Rh6 57. Rd8+ Kc5 58. Rd2 a5 59. Rg2 Kb6 60. a3 $1 Rc6+ {Weighted Error Value: White=0.50/Black=0.42} 1/2-1/2